[Event "Russian Higher League 2021"]
[Site "?"]
[Date "2021.06.30"]
[Round "5.26"]
[White "Askerov, Marat"]
[Black "Chyndygyr, Tamerlan"]
[Result "1/2-1/2"]
[WhiteElo "2354"]
[BlackElo "2121"]
[Annotator ""]
[Source ""]
[Remark ""]

1.d4 {[%clk 1:30:57]} d5 {[%clk 1:30:52]} 2.c4 {[%clk 1:31:23]}
e6 {[%clk 1:31:13]} 3.Nc3 {[%clk 1:31:02]} c6 {[%clk 1:31:34]}
4.e4 {[%clk 1:30:59]} dxe4 {[%clk 1:31:56]} 5.Nxe4 {[%clk 1:31:25]}
Bb4+ {[%clk 1:32:20]} 6.Nc3 {[%clk 1:31:36]} Nf6 {[%clk 1:32:37]}
7.a3 {[%clk 1:30:35]} Bd6 {[%clk 1:32:15]} 8.Nf3 {[%clk 1:30:38]}
O-O {[%clk 1:32:24]} 9.Bd3 {[%clk 1:28:52]} Nbd7 {[%clk 1:32:11]}
10.O-O {[%clk 1:29:05]} e5 {[%clk 1:30:34]} 11.Bc2 {[%clk 1:21:36]}
h6 {[%clk 1:23:24]} 12.Re1 {[%clk 1:01:45]} exd4 {[%clk 1:22:26]}
13.Qxd4 {[%clk 1:00:50]} Bc7 {[%clk 1:12:05]} 14.Qh4 {[%clk 0:48:35]}
Re8 {[%clk 1:00:10]} 15.Be3 {[%clk 0:37:33]} Ne5 {[%clk 0:51:53]}
16.Rad1 {[%clk 0:30:03]} Nxf3+ {[%clk 0:50:45]} 17.gxf3 {[%clk 0:30:31]}
Qe7 {[%clk 0:50:00]} 18.Bxh6 {[%clk 0:22:12]} Qxe1+ {[%clk 0:50:15]}
19.Rxe1 {[%clk 0:22:38]} Rxe1+ {[%clk 0:50:42]} 20.Kg2 {[%clk 0:23:03]}
Be6 {[%clk 0:11:42]} 21.Bg5 {[%clk 0:15:25]} Re8 {[%clk 0:08:36]}
22.Bxf6 {[%clk 0:11:45]} gxf6 {[%clk 0:09:01]} 23.Ne4 {[%clk 0:08:37]}
Kf8 {[%clk 0:07:19]} 24.Nxf6 {[%clk 0:06:26]} Rd8 {[%clk 0:07:27]}
25.Nh7+ {[%clk 0:04:14]} Ke8 {[%clk 0:07:42]} 26.Ng5 {[%clk 0:03:13]}
Rd2 {[%clk 0:04:55]} 27.Nxe6 {[%clk 0:03:21]} Rxe6 {[%clk 0:04:55]}
28.Bf5 {[%clk 0:03:29]} Ree2 {[%clk 0:04:46]} 29.Qh8+ {[%clk 0:02:20]}
Ke7 {[%clk 0:05:13]} 30.Qh4+ {[%clk 0:02:30]} Ke8 {[%clk 0:05:08]}
31.Qh8+ {[%clk 0:01:53]} Ke7 {[%clk 0:05:32]} 32.Qh4+ {[%clk 0:02:08]}
Ke8 {[%clk 0:05:55]} 33.Qh8+ {[%clk 0:02:08]} Ke7 1/2-1/2

[Event "Russian Higher League 2021"]
[Site "?"]
[Date "2021.06.30"]
[Round "5.27"]
[White "Galaktionov, Artem"]
[Black "Nurachev, Abdul"]
[Result "1-0"]
[WhiteElo "2318"]
[BlackElo "1773"]
[Annotator ""]
[Source ""]
[Remark ""]

1.d4 {[%clk 1:30:59]} Nf6 {[%clk 1:30:47]} 2.Nf3 {[%clk 1:31:24]}
e6 {[%clk 1:29:54]} 3.c4 {[%clk 1:31:49]} b6 {[%clk 1:30:07]}
4.g3 {[%clk 1:32:15]} Ba6 {[%clk 1:28:18]} 5.b3 {[%clk 1:30:44]}
Bb4+ {[%clk 1:28:32]} 6.Bd2 {[%clk 1:31:09]} Be7 {[%clk 1:27:25]}
7.Bg2 {[%clk 1:31:29]} c6 {[%clk 1:26:35]} 8.Bf4 {[%clk 1:31:32]}
d5 {[%clk 1:24:41]} 9.Nbd2 {[%clk 1:30:23]} Nbd7 {[%clk 1:23:23]}
10.O-O {[%clk 1:30:33]} O-O {[%clk 1:20:14]} 11.Qc2 {[%clk 1:24:25]}
Rc8 {[%clk 1:13:12]} 12.e4 {[%clk 1:24:15]} c5 {[%clk 1:10:59]}
13.e5 {[%clk 1:22:04]} Nh5 {[%clk 1:10:18]} 14.Be3 {[%clk 1:20:51]}
cxd4 {[%clk 1:02:19]} 15.Bxd4 {[%clk 1:19:45]} b5 {[%clk 0:55:55]}
16.Rfc1 {[%clk 1:11:17]} Ba3 {[%clk 0:40:52]} 17.Bb2 {[%clk 1:04:42]}
Qa5 {[%clk 0:39:48]} 18.Bf1 {[%clk 1:01:08]} Rc7 {[%clk 0:34:10]}
19.Bc3 {[%clk 0:39:17]} Bb4 {[%clk 0:23:20]} 20.Bxb4 {[%clk 0:36:43]}
Qxb4 {[%clk 0:23:45]} 21.a3 {[%clk 0:37:02]} Qe7 {[%clk 0:23:54]}
22.Qb2 {[%clk 0:37:25]} bxc4 {[%clk 0:23:16]} 23.bxc4 {[%clk 0:35:50]}
dxc4 {[%clk 0:22:56]} 24.Bxc4 {[%clk 0:31:33]} Bxc4 {[%clk 0:19:43]}
25.Rxc4 {[%clk 0:31:38]} Rxc4 {[%clk 0:18:21]} 26.Nxc4 {[%clk 0:30:17]}
Qc5 {[%clk 0:16:30]} 27.Rd1 {[%clk 0:21:44]} Qxc4 {[%clk 0:15:28]}
28.Rxd7 {[%clk 0:20:32]} Qg4 {[%clk 0:15:52]} 29.Qe2 {[%clk 0:05:58]}
Nf4 {[%clk 0:14:15]} 30.Qd1 {[%clk 0:06:27]} Nd5 {[%clk 0:08:42]}
31.Kg2 {[%clk 0:05:58]} h6 {[%clk 0:08:27]} 32.Qd4 {[%clk 0:06:15]}
Qf5 {[%clk 0:08:07]} 33.Rxa7 {[%clk 0:06:38]} Rc8 {[%clk 0:06:48]}
34.Nd2 {[%clk 0:03:07]} Rc2 {[%clk 0:03:40]} 35.Ra8+ {[%clk 0:03:10]}
Kh7 {[%clk 0:04:06]} 36.Rb8 {[%clk 0:03:07]} Ra2 {[%clk 0:03:31]}
37.Rb3 {[%clk 0:03:33]} Kg8 {[%clk 0:02:20]} 38.Nc4 {[%clk 0:01:55]}
Qc2 {[%clk 0:00:50]} 39.Rf3 {[%clk 0:02:21]} Qb1 {[%clk 0:00:43]}
40.Qa7 {[%clk 0:30:58]} Ra1 {[%clk 0:30:41]} 41.Qxf7+ {[%clk 0:30:35]}
Kh7 {[%clk 0:22:44]} 42.Nd2 {[%clk 0:21:09]} Qe1 {[%clk 0:18:02]}
43.Qxe6 {[%clk 0:15:05]} Qxd2 {[%clk 0:17:16]} 44.Qf5+ {[%clk 0:15:13]}
Kh8 {[%clk 0:13:36]} 45.Rb3 {[%clk 0:14:29]} Ne7 {[%clk 0:04:09]}
46.Rb8+ {[%clk 0:13:56]} Ng8 {[%clk 0:04:38]} 47.Qf7 {[%clk 0:14:09]}
Kh7 {[%clk 0:03:46]} 48.Qxg8+ {[%clk 0:13:44]} Kg6 {[%clk 0:04:11]}
49.Qe6+ {[%clk 0:13:56]} Kh5 {[%clk 0:04:04]} 50.Qf7+ {[%clk 0:14:18]}
Kg5 {[%clk 0:03:43]} 51.h4+ {[%clk 0:14:44]} 1-0

[Event "Russian Higher League 2021"]
[Site "?"]
[Date "2021.07.02"]
[Round "6.1"]
[White "Paravyan, David"]
[Black "Ponkratov, Pavel"]
[Result "0-1"]
[WhiteElo "2629"]
[BlackElo "2627"]
[Annotator ""]
[Source ""]
[Remark ""]

1.d4 d5 2.c4 dxc4 3.e3 e5 4.Bxc4 Nc6 5.Nf3 e4 6.Nfd2 Qg5 7.g3
f5 8.Nc3 Bd6 9.a3 Nf6 10.b4 h5 11.h4 Qg6 12.Ne2 a6 13.Ba2 b5
14.Bb2 Ne7 15.Qc2 Bb7 16.Nc3 Ng4 17.Rf1 Bxg3 18.fxg3 Nxe3 19.Qb3
Qxg3+ 20.Rf2 Ng4 21.Ncxe4 Qxb3 22.Bxb3 fxe4 23.Rf7 e3 24.Nf1
Nd5 25.Rxg7 O-O-O 26.Rc1 Rd7 27.Rxd7 Kxd7 28.Rc5 Nf4 29.Bc2 Bf3
30.Bf5+ Kd8 31.Ng3 Re8 32.Bc3 Ng2+ 33.Kf1 e2+ 34.Nxe2 Rxe2 0-1

[Event "Russian Higher League 2021"]
[Site "?"]
[Date "2021.07.02"]
[Round "6.2"]
[White "Rakhmanov, Aleksandr"]
[Black "Antipov, Mikhail Al."]
[Result "1-0"]
[WhiteElo "2651"]
[BlackElo "2596"]
[Annotator ""]
[Source ""]
[Remark ""]

1.d4 {[%clk 1:30:40]} Nf6 {[%clk 1:30:54]} 2.Bf4 {[%clk 1:30:33]}
g6 {[%clk 1:31:15]} 3.Nc3 {[%clk 1:30:19]} d5 {[%clk 1:31:35]}
4.e3 {[%clk 1:30:22]} Bg7 {[%clk 1:31:46]} 5.h4 {[%clk 1:30:20]}
h5 {[%clk 1:28:46]} 6.Nf3 {[%clk 1:29:20]} O-O {[%clk 1:25:04]}
7.Qd2 {[%clk 1:23:54]} c5 {[%clk 1:15:40]} 8.Ne5 {[%clk 1:22:59]}
Bf5 {[%clk 1:08:17]} 9.f3 {[%clk 1:17:10]} cxd4 {[%clk 1:04:05]}
10.exd4 {[%clk 1:13:31]} Nc6 {[%clk 1:00:32]} 11.Bb5 {[%clk 0:48:24]}
Nb4 {[%clk 1:00:50]} 12.Ba4 {[%clk 0:46:33]} Rc8 {[%clk 0:56:05]}
13.a3 {[%clk 0:41:50]} Na6 {[%clk 0:56:21]} 14.Bb3 {[%clk 0:33:43]}
Nb8 {[%clk 0:49:13]} 15.g4 {[%clk 0:27:40]} Be6 {[%clk 0:40:16]}
16.O-O-O {[%clk 0:15:54]} Nc6 {[%clk 0:36:15]} 17.Qe3 {[%clk 0:16:04]}
Na5 {[%clk 0:31:13]} 18.Ba2 {[%clk 0:15:53]} Qb6 {[%clk 0:31:17]}
19.Rdg1 {[%clk 0:03:52]} Kh7 {[%clk 0:28:25]} 20.Re1 {[%clk 0:03:03]}
Nc6 {[%clk 0:22:33]} 21.Nxg6 {[%clk 0:01:55]} fxg6 {[%clk 0:22:58]}
22.Qxe6 {[%clk 0:02:16]} Nxd4 {[%clk 0:23:15]} 23.Qxb6 {[%clk 0:01:48]}
axb6 {[%clk 0:23:44]} 24.Rxe7 {[%clk 0:01:14]} Nxf3 {[%clk 0:22:15]}
25.gxh5 {[%clk 0:01:17]} Nxh5 {[%clk 0:19:07]} 26.Bg5 {[%clk 0:01:36]}
d4 {[%clk 0:16:18]} 27.Ne4 {[%clk 0:01:55]} d3 {[%clk 0:16:44]}
28.c3 {[%clk 0:02:06]} Rce8 {[%clk 0:17:10]} 29.Rxe8 {[%clk 0:01:48]}
Rxe8 {[%clk 0:17:39]} 30.Bd5 {[%clk 0:02:04]} Bh6 {[%clk 0:16:19]}
31.Rf1 {[%clk 0:01:28]} Ne5 {[%clk 0:08:31]} 32.Bxb7 {[%clk 0:00:47]}
Rd8 {[%clk 0:09:00]} 33.Nd2 {[%clk 0:00:40]} Ng3 {[%clk 0:08:38]}
34.Rf6 {[%clk 0:00:36]} Re8 {[%clk 0:04:48]} 35.Bd5 {[%clk 0:00:37]}
Bxg5 {[%clk 0:02:18]} 36.hxg5 {[%clk 0:01:03]} Ng4 {[%clk 0:02:43]}
37.Re6 {[%clk 0:01:10]} Ne2+ {[%clk 0:02:08]} 38.Kb1 {[%clk 0:00:37]}
Rxe6 {[%clk 0:02:09]} 39.Bxe6 {[%clk 0:01:06]} Ne5 {[%clk 0:02:10]}
40.c4 {[%clk 0:30:37]} Kg7 {[%clk 0:31:45]} 41.b4 {[%clk 0:22:10]}
Nf7 {[%clk 0:27:22]} 42.Bxf7 {[%clk 0:17:27]} Kxf7 {[%clk 0:27:48]}
43.Kb2 {[%clk 0:13:14]} Ke6 {[%clk 0:28:12]} 44.a4 {[%clk 0:13:19]}
Ke5 {[%clk 0:16:07]} 45.Nb3 {[%clk 0:01:42]} Nd4 {[%clk 0:13:43]}
46.Nxd4 {[%clk 0:01:33]} Kxd4 {[%clk 0:14:07]} 47.Kc1 {[%clk 0:01:16]}
 1-0

[Event "Russian Higher League 2021"]
[Site "?"]
[Date "2021.07.02"]
[Round "6.3"]
[White "Goryachkina, Aleksandra"]
[Black "Dreev, Aleksey"]
[Result "1-0"]
[WhiteElo "2596"]
[BlackElo "2647"]
[Annotator ""]
[Source ""]
[Remark ""]

1.d4 Nf6 2.c4 c6 3.Nc3 d5 4.Nf3 e6 5.Bg5 h6 6.Bxf6 Qxf6 7.e3
g6 8.Be2 Bg7 9.O-O O-O 10.Ne5 dxc4 11.f4 Qe7 12.Ne4 b6 13.Rc1
Bb7 14.Rxc4 c5 15.dxc5 Bd5 16.Rd4 Nc6 17.Nxg6 fxg6 18.Rxd5 exd5
19.Qxd5+ Kh7 20.Qxc6 Rac8 21.Qa4 Rxc5 22.Bd3 Rd5 23.Bb1 Rc8 24.Qa6
Qd7 25.Qe2 Kh8 26.h3 Rd8 27.b3 Rd1 28.Bc2 Rxf1+ 29.Qxf1 Qc6 30.Qe2
Rc8 31.Bd3 Re8 32.Qc2 Qe6 33.Kh2 Qd5 34.Ng3 Rxe3 35.Bxg6 Qe6
36.Qd2 Bf6 37.Bf7 Bh4 38.Bxe6 Bxg3+ 39.Kg1 Re1+ 40.Qxe1 Bxe1
41.Kh2 Kg7 42.g3 Kf6 43.Bc8 a5 44.Kg2 Kg6 45.Kf3 Kf6 46.Ba6 Kg7
47.Bd3 Kf7 48.g4 Kf6 49.Ke4 Bg3 50.Bc4 Bf2 51.Kd5 Be3 52.Kc6
Bf2 53.Bd3 Be3 54.Bc2 Bf2 55.h4 Bxh4 56.Kxb6 Be1 57.Kb5 Bd2 58.Bh7
Ke6 59.Bg6 Kf6 60.Bh5 Be3 61.a3 Bd2 62.f5 Ke7 63.b4 axb4 64.axb4
Be1 65.Kc5 Bf2+ 66.Kc6 Be3 67.b5 Bf2 68.b6 Bxb6 1-0

[Event "Russian Higher League 2021"]
[Site "?"]
[Date "2021.07.02"]
[Round "6.4"]
[White "Sarana, Alexey"]
[Black "Kobalia, Mikhail"]
[Result "1-0"]
[WhiteElo "2640"]
[BlackElo "2596"]
[Annotator ""]
[Source ""]
[Remark ""]

1.d4 d5 2.Nf3 Nf6 3.c4 c6 4.Nc3 e6 5.e3 Nbd7 6.Bd3 dxc4 7.Bxc4
b5 8.Bd3 Bd6 9.O-O O-O 10.Qc2 Bb7 11.e4 e5 12.dxe5 Nxe5 13.Nxe5
Bxe5 14.h3 Re8 15.Be3 Bd4 16.Rae1 h6 17.Kh2 a6 18.f4 c5 19.e5
c4 20.Bf5 Bxe3 21.Rxe3 Nd5 22.Rg3 Nxc3 23.Qxc3 Qe7 24.Rd1 Rad8
25.Rd6 Kf8 26.Rxh6 gxh6 27.e6 Qc7 28.Qg7+ Ke7 29.exf7 1-0

[Event "Russian Higher League 2021"]
[Site "?"]
[Date "2021.07.02"]
[Round "6.5"]
[White "Nesterov, Arseniy"]
[Black "Motylev, Alexander"]
[Result "0-1"]
[WhiteElo "2479"]
[BlackElo "2639"]
[Annotator ""]
[Source ""]
[Remark ""]

1.d4 d6 2.e4 Nf6 3.Nc3 e5 4.Nf3 Nbd7 5.Bc4 Be7 6.O-O O-O 7.a4
c6 8.Qe2 exd4 9.Nxd4 Ne5 10.Bb3 Re8 11.Bf4 Bf8 12.Bg3 Bg4 13.f3
Bd7 14.Qd2 a6 15.a5 Rc8 16.Rfd1 Nh5 17.Bf2 Qf6 18.Be3 Qg6 19.Qf2
d5 20.Nde2 dxe4 21.Nxe4 Bf5 22.N2c3 Be6 23.Bxe6 Rxe6 24.Nc5 Rf6
25.Nd7 Nxf3+ 26.Kh1 Nxh2 27.Nxf6+ Nxf6 28.Qh4 Nhg4 29.Bg5 Qxc2
30.Rd2 Qf5 31.Bxf6 Nxf6 32.Rf2 Qg6 33.Raf1 Re8 34.Rf5 h6 35.R1f4
Re6 36.Qh3 Ng4 37.Nd1 Qxf5 0-1

[Event "Russian Higher League 2021"]
[Site "?"]
[Date "2021.07.02"]
[Round "6.6"]
[White "Chigaev, Maksim"]
[Black "Lysyj, Igor"]
[Result "1/2-1/2"]
[WhiteElo "2630"]
[BlackElo "2605"]
[Annotator ""]
[Source ""]
[Remark ""]

1.e4 {[%clk 1:30:54]} e5 {[%clk 1:30:53]} 2.Nf3 {[%clk 1:31:16]}
Nc6 {[%clk 1:31:17]} 3.Bb5 {[%clk 1:31:37]} Nf6 {[%clk 1:30:25]}
4.O-O {[%clk 1:31:46]} Nxe4 {[%clk 1:30:48]} 5.Re1 {[%clk 1:32:05]}
Nd6 {[%clk 1:31:10]} 6.Ba4 {[%clk 1:32:17]} Be7 {[%clk 1:30:26]}
7.Nc3 {[%clk 1:31:22]} O-O {[%clk 1:26:22]} 8.d4 {[%clk 1:30:06]}
Nxd4 {[%clk 1:25:48]} 9.Nxe5 {[%clk 1:30:21]} Ne6 {[%clk 1:26:05]}
10.Nd5 {[%clk 1:30:37]} Re8 {[%clk 1:20:51]} 11.c3 {[%clk 1:27:58]}
b5 {[%clk 1:20:33]} 12.Bc2 {[%clk 1:27:03]} Bb7 {[%clk 1:19:54]}
13.Qh5 {[%clk 1:25:59]} g6 {[%clk 1:19:56]} 14.Nxg6 {[%clk 1:25:50]}
fxg6 {[%clk 1:20:13]} 15.Bxg6 {[%clk 1:26:11]} hxg6 {[%clk 1:20:33]}
16.Qxg6+ {[%clk 1:26:32]} Ng7 {[%clk 1:20:59]} 17.Bh6 {[%clk 1:26:43]}
Ndf5 {[%clk 1:21:20]} 18.Bxg7 {[%clk 1:26:59]} Nxg7 {[%clk 1:21:44]}
19.Rxe7 {[%clk 1:27:18]} Rxe7 {[%clk 1:22:09]} 20.Nf6+ {[%clk 1:27:38]}
Kf8 {[%clk 1:22:35]} 21.Nh7+ {[%clk 1:28:00]} Kg8 {[%clk 1:23:02]}
22.Nf6+ {[%clk 1:28:21]} Kf8 {[%clk 1:23:28]} 23.Nh7+ {[%clk 1:28:36]}
Kg8 {[%clk 1:23:54]} 24.Nf6+ {[%clk 1:28:55]} 1/2-1/2

[Event "Russian Higher League 2021"]
[Site "?"]
[Date "2021.07.02"]
[Round "6.7"]
[White "Predke, Alexandr"]
[Black "Alekseev, Evgeny"]
[Result "1-0"]
[WhiteElo "2683"]
[BlackElo "2605"]
[Annotator ""]
[Source ""]
[Remark ""]

1.c4 c5 2.Nf3 Nc6 3.d4 cxd4 4.Nxd4 e6 5.Nc3 Nf6 6.g3 Qb6 7.Ndb5
Ne5 8.Bf4 Nfg4 9.e3 a6 10.h3 axb5 11.hxg4 Nxc4 12.Rc1 d5 13.b3
Na3 14.g5 Bd7 15.Be5 Rc8 16.Bd3 h6 17.Ne2 Rxc1 18.Qxc1 Qd8 19.Rh5
Rg8 20.Nf4 hxg5 21.Bh7 Rh8 22.Ng6 Rxh7 23.Rxh7 fxg6 24.Rh8 Qe7
25.Qc7 Bc6 26.Rxf8+ Kxf8 27.Bd6 1-0

[Event "Russian Higher League 2021"]
[Site "?"]
[Date "2021.07.02"]
[Round "6.8"]
[White "Matlakov, Maxim"]
[Black "Triapishko, Alexandr"]
[Result "1-0"]
[WhiteElo "2688"]
[BlackElo "2510"]
[Annotator ""]
[Source ""]
[Remark ""]

1.e4 {[%clk 1:30:32]} c6 {[%clk 1:29:49]} 2.d4 {[%clk 1:30:49]}
d5 {[%clk 1:30:11]} 3.f3 {[%clk 1:30:37]} dxe4 {[%clk 1:26:02]}
4.fxe4 {[%clk 1:28:32]} e5 {[%clk 1:26:23]} 5.Nf3 {[%clk 1:28:13]}
Be6 {[%clk 1:26:39]} 6.Nbd2 {[%clk 1:27:41]} Nf6 {[%clk 1:03:48]}
7.Bc4 {[%clk 1:21:47]} Bxc4 {[%clk 0:33:10]} 8.Nxc4 {[%clk 1:21:59]}
Be7 {[%clk 0:28:53]} 9.Ncxe5 {[%clk 1:04:33]} Nxe4 {[%clk 0:19:42]}
10.Qd3 {[%clk 0:52:08]} Nd6 {[%clk 0:19:14]} 11.Bd2 {[%clk 0:42:34]}
O-O {[%clk 0:11:04]} 12.O-O-O {[%clk 0:40:49]} Nd7 {[%clk 0:10:51]}
13.h4 {[%clk 0:34:42]} Nxe5 {[%clk 0:06:59]} 14.dxe5 {[%clk 0:33:26]}
Nb5 {[%clk 0:07:23]} 15.Qe4 {[%clk 0:33:19]} Qd5 {[%clk 0:05:59]}
16.Qxd5 {[%clk 0:32:30]} cxd5 {[%clk 0:06:25]} 17.Ba5 {[%clk 0:31:49]}
b6 {[%clk 0:02:46]} 18.Rxd5 {[%clk 0:31:36]} Bc5 {[%clk 0:03:10]}
19.a4 {[%clk 0:23:39]} Be3+ {[%clk 0:03:25]} 20.Bd2 {[%clk 0:20:21]}
Nc7 {[%clk 0:03:49]} 21.Rd6 {[%clk 0:18:59]} Bxd2+ {[%clk 0:03:51]}
22.Kxd2 {[%clk 0:16:30]} Ne6 {[%clk 0:03:00]} 23.b3 {[%clk 0:11:38]}
Rac8 {[%clk 0:02:32]} 24.Rd1 {[%clk 0:11:28]} Rc7 {[%clk 0:01:40]}
25.c4 {[%clk 0:11:03]} h5 {[%clk 0:01:04]} 26.Kc3 {[%clk 0:11:10]}
Rfc8 {[%clk 0:01:04]} 27.Ng5 {[%clk 0:09:37]} Nxg5 {[%clk 0:01:12]}
28.hxg5 {[%clk 0:10:06]} Re7 {[%clk 0:00:45]} 29.R1d5 {[%clk 0:10:11]}
Kh7 {[%clk 0:00:49]} 30.Kd4 {[%clk 0:09:36]} Re6 {[%clk 0:01:09]}
31.a5 {[%clk 0:06:17]} Kg6 {[%clk 0:00:50]} 32.Rxe6+ {[%clk 0:03:57]}
fxe6 {[%clk 0:01:17]} 33.Rd7 {[%clk 0:04:25]} bxa5 {[%clk 0:01:13]}
34.Rxa7 {[%clk 0:04:51]} Rb8 {[%clk 0:00:58]} 35.Kc3 {[%clk 0:05:07]}
h4 {[%clk 0:01:01]} 36.Rxa5 {[%clk 0:04:37]} Kxg5 {[%clk 0:01:11]}
37.Ra7 {[%clk 0:04:02]} g6 {[%clk 0:00:45]} 38.b4 {[%clk 0:03:12]}
Kf4 {[%clk 0:01:07]} 39.Rg7 {[%clk 0:03:15]} g5 {[%clk 0:01:10]}
40.b5 {[%clk 0:32:17]} g4 {[%clk 0:30:48]} 41.Rh7 {[%clk 0:21:49]}
Kg3 {[%clk 0:21:24]} 42.Kb4 {[%clk 0:19:37]} Kxg2 {[%clk 0:19:42]}
43.Rxh4 {[%clk 0:19:29]} Kf3 {[%clk 0:18:03]} 44.c5 {[%clk 0:18:47]}
g3 {[%clk 0:18:11]} 45.Rh1 {[%clk 0:15:06]} g2 {[%clk 0:17:14]}
46.Rg1 {[%clk 0:14:42]} Rh8 {[%clk 0:16:13]} 47.c6 {[%clk 0:13:46]}
Rh1 {[%clk 0:16:32]} 48.Rxg2 {[%clk 0:14:12]} Kxg2 {[%clk 0:16:55]}
49.c7 {[%clk 0:14:12]} Rc1 {[%clk 0:17:19]} 50.b6 {[%clk 0:14:38]}
Kf3 {[%clk 0:17:30]} 51.Kb5 {[%clk 0:12:56]} Ke4 {[%clk 0:17:23]}
52.Ka6 {[%clk 0:13:16]} Kd5 {[%clk 0:16:43]} 53.Kb7 {[%clk 0:13:00]} 1-0

[Event "Russian Higher League 2021"]
[Site "?"]
[Date "2021.07.02"]
[Round "6.9"]
[White "Lobanov, Sergei"]
[Black "Demchenko, Anton"]
[Result "0-1"]
[WhiteElo "2514"]
[BlackElo "2600"]
[Annotator ""]
[Source ""]
[Remark ""]

1.e4 e5 2.Nf3 Nc6 3.Bb5 g6 4.c3 Bg7 5.d4 exd4 6.cxd4 a6 7.Ba4
b5 8.Bc2 d6 9.h3 Nf6 10.Nc3 O-O 11.O-O Bb7 12.Re1 Re8 13.a3 Na5
14.Bf4 Nc4 15.Qc1 c5 16.Bh6 Bxh6 17.Qxh6 cxd4 18.Nxd4 Nxb2 19.Re3
Kh8 20.Bb3 Nc4 21.Bxc4 bxc4 22.Rf3 Qe7 23.Re1 Rac8 24.Qf4 Nd7
25.Rb1 Bxe4 26.Re3 f5 27.Nxe4 fxe4 28.Rb7 Qf8 29.Rxe4 Rxe4 30.Qxe4
Nc5 31.Qe7 Qxe7 32.Rxe7 Rb8 33.Kf1 Rb2 34.Ne6 Nxe6 35.Rxe6 c3
36.Re8+ Kg7 37.Rc8 Rc2 38.Ke1 d5 39.g4 d4 40.Rc4 Rd2 41.f4 Kf7 0-1

[Event "Russian Higher League 2021"]
[Site "?"]
[Date "2021.07.02"]
[Round "6.11"]
[White "Kezin, Roman"]
[Black "Iljiushenok, Ilia"]
[Result "1/2-1/2"]
[WhiteElo "2486"]
[BlackElo "2530"]
[Annotator ""]
[Source ""]
[Remark ""]

1.d4 Nf6 2.c4 g6 3.g3 Bg7 4.Bg2 d6 5.Nf3 O-O 6.Nc3 Nbd7 7.O-O
e5 8.e4 c6 9.h3 Qb6 10.Re1 exd4 11.Nxd4 Re8 12.Nc2 Ne5 13.b3
Be6 14.Nd4 Rad8 15.Be3 Qa5 16.Qc2 Bc8 17.Rad1 Ned7 18.f4 Qc7
19.Bf2 Nf8 20.Re2 a6 21.Red2 Qe7 22.Re2 Ne6 23.Nf5 gxf5 24.exf5
Qf8 25.fxe6 fxe6 26.Na4 e5 27.fxe5 Rxe5 28.Rxe5 dxe5 29.Re1 Qf7
30.Nc5 Qh5 31.g4 Qg5 32.Be3 Qh4 33.Qf2 Qxf2+ 34.Kxf2 Ne8 35.Ke2
Nc7 36.Rd1 Re8 37.a4 Ne6 38.Nxe6 Bxe6 39.Be4 Bf6 40.Rf1 Bh4 41.Bh6
Rb8 42.Bf5 Bf7 43.Be3 h6 44.Bxh6 b5 45.axb5 axb5 46.Rc1 bxc4
47.bxc4 Rb3 48.Bd3 Rb2+ 49.Bd2 Bg5 50.Rc2 Rxc2 51.Bxc2 1/2-1/2

[Event "Russian Higher League 2021"]
[Site "?"]
[Date "2021.07.02"]
[Round "6.12"]
[White "Saveliev, Alexei"]
[Black "Kokarev, Dmitry"]
[Result "0-1"]
[WhiteElo "2381"]
[BlackElo "2618"]
[Annotator ""]
[Source ""]
[Remark ""]

1.e4 {[%clk 1:30:57]} c5 {[%clk 1:30:48]} 2.Nf3 {[%clk 1:31:22]}
d6 {[%clk 1:31:13]} 3.d4 {[%clk 1:31:46]} cxd4 {[%clk 1:31:35]}
4.Nxd4 {[%clk 1:32:12]} Nf6 {[%clk 1:31:57]} 5.Nc3 {[%clk 1:32:37]}
a6 {[%clk 1:32:22]} 6.Bg5 {[%clk 1:32:47]} Nbd7 {[%clk 1:32:32]}
7.f4 {[%clk 1:33:01]} Qa5 {[%clk 1:32:49]} 8.Bd3 {[%clk 1:21:57]}
h6 {[%clk 1:30:08]} 9.Bh4 {[%clk 1:21:15]} e5 {[%clk 1:30:22]}
10.Nb3 {[%clk 1:19:46]} Qc7 {[%clk 1:30:38]} 11.fxe5 {[%clk 1:09:32]}
dxe5 {[%clk 1:31:00]} 12.O-O {[%clk 1:09:59]} Be7 {[%clk 1:29:59]}
13.Qf3 {[%clk 1:06:54]} O-O {[%clk 1:29:30]} 14.Rae1 {[%clk 1:00:42]}
b5 {[%clk 1:16:15]} 15.Nd1 {[%clk 0:52:57]} Nb6 {[%clk 1:10:46]}
16.Ne3 {[%clk 0:47:55]} Be6 {[%clk 1:02:27]} 17.Kh1 {[%clk 0:39:27]}
Rad8 {[%clk 0:59:49]} 18.Nc1 {[%clk 0:39:23]} Na4 {[%clk 0:54:28]}
19.b3 {[%clk 0:34:22]} Nc5 {[%clk 0:54:41]} 20.b4 {[%clk 0:34:22]}
Nxd3 {[%clk 0:47:59]} 21.Nxd3 {[%clk 0:34:46]} Rfe8 {[%clk 0:37:35]}
22.Nf5 {[%clk 0:27:39]} Bxf5 {[%clk 0:37:50]} 23.Qxf5 {[%clk 0:27:37]}
Qc8 {[%clk 0:32:18]} 24.Qf3 {[%clk 0:21:28]} Qe6 {[%clk 0:31:55]}
25.a3 {[%clk 0:20:56]} Nd7 {[%clk 0:30:26]} 26.Bxe7 {[%clk 0:18:43]}
Rxe7 {[%clk 0:30:39]} 27.Nf2 {[%clk 0:18:29]} Rc8 {[%clk 0:30:22]}
28.Ng4 {[%clk 0:14:48]} Rxc2 {[%clk 0:29:15]} 29.Rd1 {[%clk 0:13:15]}
Nf8 {[%clk 0:20:38]} 30.Rd3 {[%clk 0:06:50]} Rec7 {[%clk 0:17:50]}
31.h3 {[%clk 0:05:46]} Ng6 {[%clk 0:16:48]} 32.Ne3 {[%clk 0:04:57]}
Rc1 {[%clk 0:15:17]} 33.Nd5 {[%clk 0:04:13]} Rxf1+ {[%clk 0:15:17]}
34.Qxf1 {[%clk 0:04:42]} Rc4 {[%clk 0:15:28]} 35.Qf3 {[%clk 0:04:54]}
Kh7 {[%clk 0:10:00]} 36.Kh2 {[%clk 0:02:23]} Nh4 {[%clk 0:07:58]}
37.Qe2 {[%clk 0:02:46]} Qg6 {[%clk 0:04:33]} 38.Re3 {[%clk 0:02:34]}
Qe6 {[%clk 0:04:12]} 39.Qf2 {[%clk 0:01:40]} Ng6 {[%clk 0:04:28]}
40.Re1 {[%clk 0:30:43]} Nf8 {[%clk 0:32:15]} 41.Re3 {[%clk 0:27:32]}
Ng6 {[%clk 0:30:16]} 42.Re1 {[%clk 0:27:44]} Ne7 {[%clk 0:27:40]}
43.Nxe7 {[%clk 0:09:47]} Qxe7 {[%clk 0:28:03]} 44.Rd1 {[%clk 0:09:10]}
Qe6 {[%clk 0:27:03]} 45.Qf3 {[%clk 0:09:04]} Qg6 {[%clk 0:24:02]}
46.Re1 {[%clk 0:08:31]} f6 {[%clk 0:21:36]} 47.h4 {[%clk 0:07:53]}
h5 {[%clk 0:21:26]} 48.Kh3 {[%clk 0:08:10]} Rd4 {[%clk 0:20:10]}
49.Re3 {[%clk 0:08:26]} Kh6 {[%clk 0:20:11]} 50.Re1 {[%clk 0:07:31]}
Qf7 {[%clk 0:20:14]} 51.Qe3+ {[%clk 0:05:20]} Kh7 {[%clk 0:19:50]}
52.Qf3 {[%clk 0:02:50]} Qd7+ {[%clk 0:20:08]} 53.Kh2 {[%clk 0:03:19]}
Kg6 {[%clk 0:20:04]} 54.Rc1 {[%clk 0:02:33]} Rd3 {[%clk 0:18:14]} 0-1

[Event "Russian Higher League 2021"]
[Site "?"]
[Date "2021.07.02"]
[Round "6.13"]
[White "Murzin, Volodar"]
[Black "Romanov, Evgeny"]
[Result "1/2-1/2"]
[WhiteElo "2502"]
[BlackElo "2599"]
[Annotator ""]
[Source ""]
[Remark ""]

1.e4 c5 2.Nf3 Nc6 3.Bb5 Nf6 4.Bxc6 dxc6 5.d3 Bg4 6.Nbd2 Nd7 7.Nc4
Qc7 8.Ne3 Bh5 9.g4 Bg6 10.h4 f6 11.a4 O-O-O 12.Qe2 Bf7 13.Bd2
e5 14.h5 Bd6 15.g5 h6 16.g6 Bg8 17.Nh4 Nf8 18.Nhf5 Ne6 19.Nc4
Bf8 20.b3 Rd7 21.a5 Kb8 22.Qg4 Nd4 23.Nxd4 cxd4 24.Ke2 Rd8 25.Rhf1
Re8 26.Qg3 f5 27.f3 f4 28.Qh2 Kc8 29.Rfb1 Be7 30.Qh3+ Kb8 31.a6
Bxc4 32.bxc4 b6 33.Rb3 Qc8 34.Qxc8+ Kxc8 35.Kf1 Bc5 36.Kg2 Kd7
37.Kh3 Ke6 38.Kg4 Rd8 39.Be1 Rd7 40.Rab1 Rhd8 1/2-1/2